Současné změny české právní úpravy cestovního ruchu
Rozbor aktuálnych problémov právnej úpravy turizmu v Českej republike, najmä nahliadnutie na súčasné zmeny. Komplikovane sa prepájajú veľmi rôznorodé vplyvy, ako najmä snaha Ministerstva pre miestny rozvoj skvalitňovať právnu úpravu, požiadavky Európskej únie na legislatívu, vývoj ekonomiky a techni...
Salvato in:
| Autore principale: | |
|---|---|
| Altri autori: | |
| Natura: | Capitolo di libro |
| Lingua: | ceco |
| Soggetti: | |
| Tags: |
Nessun Tag, puoi essere il primo ad aggiungerne!!
|
MARC
| LEADER | 00000naa a2200000 4500 | ||
|---|---|---|---|
| 001 | 0306776 | ||
| 005 | 20250204134531.5 | ||
| 041 | 0 | |a cze | |
| 044 | |a CZ | ||
| 245 | 1 | 0 | |a Současné změny české právní úpravy cestovního ruchu |c Vojtěch Kružliak, René Petráš |
| 520 | |a Rozbor aktuálnych problémov právnej úpravy turizmu v Českej republike, najmä nahliadnutie na súčasné zmeny. Komplikovane sa prepájajú veľmi rôznorodé vplyvy, ako najmä snaha Ministerstva pre miestny rozvoj skvalitňovať právnu úpravu, požiadavky Európskej únie na legislatívu, vývoj ekonomiky a techniky, nestabilita českého práva. | ||
| 610 | 2 | 0 | |a právo |
| 610 | 2 | 0 | |a Česko |
| 610 | 2 | 0 | |a právo európske |
| 610 | 2 | 0 | |a ruch cestovný |
| 610 | 2 | 0 | |a legislatíva |
| 610 | 2 | 0 | |a zákony |
| 100 | 1 | |a Kružliak, Vojtěch | |
| 700 | 1 | |a Petráš, René | |